00000000cam 2200000zi 4500
0019.946773
003CaOODSP
00520260402083321
006m     o  d f      
007cr mn|||||||||
008250113t20252025quc     o    f000 0 eng d
020 |a9780660752105
040 |aCaOODSP|beng|erda|cCaOODSP
043 |an-cn---
0861 |aEn4-472/2025E-PDF
24500|aCompendium of federal offset protocols.
24617|aCompendium of federal offset protocols, version 6.0
250 |aVersion 6.0.
264 1|aGatineau Quebec : |bEnvironment and Climate Change Canada = Environnement et changement climatique Canada, |cJanuary 2025.
264 4|c©2025
300 |a1 online resource (iv, 4 pages)
336 |atext|btxt|2rdacontent
337 |acomputer|bc|2rdamedia
338 |aonline resource|bcr|2rdacarrier
500 |aCover title.
500 |aOn cover: Canada's Greenhouse Gas Offset Credit System.
500 |aIssued also in French under title: Recueil des protocoles fédéraux de crédits compensatoires.
650 0|aCarbon offsetting|xGovernment policy|zCanada.
650 0|aGreenhouse gas mitigation|xGovernment policy|zCanada.
7101 |aCanada. |bEnvironment and Climate Change Canada, |eissuing body.
77508|tRecueil des protocoles fédéraux de crédits compensatoires.|w(CaOODSP)9.946775
794 |tCompendium of federal offset protocols.|bVersion 7.0|w(CaOODSP)9.955123
795 |tCompendium of federal offset protocols.|bVersion 5.0|w(CaOODSP)9.943381
85640|qPDF|s176 KB|uhttps://publications.gc.ca/collections/collection_2025/eccc/en4/En4-472-2025-eng.pdf
8564 |qHTML|sN/A|uhttps://www.canada.ca/en/environment-climate-change/services/climate-change/pricing-pollution-how-it-will-work/output-based-pricing-system/federal-greenhouse-gas-offset-system/compendium-protocols.html